[Event "MPJBiS 2020"]
[Site "?"]
[Date "2020.08.28"]
[Round "10.9"]
[White "Skrzypinski, Jan"]
[Black "Maj, Samuel"]
[Result "0-1"]
[BlackElo "1347"]
[WhiteElo "1519"]
[LiveChessVersion "1.4.8"]

1. c3 {[%clk 0:15:15]} Nf6 {[%clk 0:15:11]} 2. d4 {[%clk 0:15:23]} g6
{[%clk 0:15:11]} 3. Bf4 {[%clk 0:15:31]} Bg7 {[%clk 0:15:18]} 4. e3
{[%clk 0:15:38]} O-O {[%clk 0:15:21]} 5. Bd3 {[%clk 0:15:45]} d6 {[%clk 0:15:27]}
6. Nf3 {[%clk 0:15:45]} Nbd7 {[%clk 0:15:35]} 7. h4 {[%clk 0:15:41]} Qe8
{[%clk 0:14:35]} 8. Nbd2 {[%clk 0:14:20]} e5 {[%clk 0:13:52]} 9. Qc2
{[%clk 0:12:43]} exf4 {[%clk 0:13:42]} 10. O-O-O {[%clk 0:12:47]} fxe3
{[%clk 0:13:21]} 11. fxe3 {[%clk 0:12:55]} h5 {[%clk 0:11:50]} 12. e4
{[%clk 0:12:53]} Ng4 {[%clk 0:11:15]} 13. Rde1 {[%clk 0:12:04]} Nf2
{[%clk 0:10:50]} 14. Rhf1 {[%clk 0:11:55]} Nxd3+ {[%clk 0:10:58]} 15. Qxd3
{[%clk 0:12:02]} Nb6 {[%clk 0:10:12]} 16. Ng5 {[%clk 0:11:24]} Be6
{[%clk 0:09:31]} 17. d5 {[%clk 0:11:23]} Bg4 {[%clk 0:09:04]} 18. Ndf3
{[%clk 0:09:37]} Nd7 {[%clk 0:08:15]} 19. Kb1 {[%clk 0:08:53]} Bxf3
{[%clk 0:07:58]} 20. gxf3 {[%clk 0:08:56]} Ne5 {[%clk 0:06:57]} 21. Qe2
{[%clk 0:08:46]} Bf6 {[%clk 0:05:36]} 22. f4 {[%clk 0:08:40]} Bxg5
{[%clk 0:05:16]} 23. hxg5 {[%clk 0:08:38]} Ng4 {[%clk 0:05:05]} 24. f5
{[%clk 0:08:37]} Qe5 {[%clk 0:04:32]} 25. Qd3 {[%clk 0:08:05]} Qg7
{[%clk 0:03:40]} 26. f6 {[%clk 0:08:05]} Qh7 {[%clk 0:03:48]} 27. Re2
{[%clk 0:07:55]} Rfe8 {[%clk 0:03:43]} 28. Rh1 {[%clk 0:06:43]} Re5
{[%clk 0:03:30]} 29. Qd2 {[%clk 0:06:41]} Kf8 {[%clk 0:02:34]} 30. Qf4
{[%clk 0:06:44]} Qg8 {[%clk 0:02:27]} 31. c4 {[%clk 0:06:46]} Ke8
{[%clk 0:02:25]} 32. c5 {[%clk 0:06:40]} Kd8 {[%clk 0:02:14]} 33. Rc1
{[%clk 0:05:49]} Qe8 {[%clk 0:01:27]} 34. cxd6 {[%clk 0:05:41]} cxd6
{[%clk 0:01:33]} 35. Rec2 {[%clk 0:05:45]} Qd7 {[%clk 0:01:08]} 36. Qd2
{[%clk 0:04:47]} Rxe4 {[%clk 0:00:57]} 37. Qa5+ {[%clk 0:04:56]} b6
{[%clk 0:01:04]} 38. Qa6 {[%clk 0:04:48]} Ne3 {[%clk 0:00:59]} 39. Qd3
{[%clk 0:04:21]} Re5 {[%clk 0:00:52]} 40. Re2 {[%clk 0:04:20]} Nf5
{[%clk 0:00:37]} 41. Rxe5 {[%clk 0:04:23]} dxe5 {[%clk 0:00:46]} 42. Qb3
{[%clk 0:03:24]} Rc8 {[%clk 0:00:46]} 43. Rd1 {[%clk 0:03:23]} Nd4
{[%clk 0:00:51]} 44. Qb4 {[%clk 0:03:32]} Qf5+ {[%clk 0:00:57]} 45. Ka1
{[%clk 0:03:32]} Nc2+ {[%clk 0:01:06]} 46. Kb1 {[%clk 0:03:42]} Na3+ 47. Ka1 Qb1+
0-1

[Event "MPJBiS 2020"]
[Site "?"]
[Date "2020.08.28"]
[Round "10.10"]
[White "Zielonka, Adam"]
[Black "Ugorek, Kacper"]
[Result "0-1"]
[BlackElo "1266"]
[WhiteElo "1609"]
[LiveChessVersion "1.4.8"]

1. Nf3 {[%clk 0:15:19]} Nf6 {[%clk 0:15:16]} 2. c4 {[%clk 0:15:24]} e6
{[%clk 0:15:17]} 3. g3 {[%clk 0:15:29]} b6 {[%clk 0:15:24]} 4. Bg2
{[%clk 0:15:37]} Bb7 {[%clk 0:15:32]} 5. O-O {[%clk 0:15:45]} c5 {[%clk 0:15:31]}
6. Nc3 {[%clk 0:15:46]} Be7 {[%clk 0:15:36]} 7. d4 {[%clk 0:15:54]} d5
{[%clk 0:15:18]} 8. cxd5 {[%clk 0:15:39]} exd5 {[%clk 0:15:24]} 9. e3
{[%clk 0:14:07]} O-O {[%clk 0:15:11]} 10. b3 {[%clk 0:13:58]} Re8
{[%clk 0:14:57]} 11. Bb2 {[%clk 0:14:06]} Nbd7 {[%clk 0:15:02]} 12. Ne5
{[%clk 0:12:46]} Qc7 {[%clk 0:14:39]} 13. Nb5 {[%clk 0:12:31]} Qd8
{[%clk 0:14:32]} 14. Nc3 {[%clk 0:11:11]} Bd6 {[%clk 0:12:21]} 15. Nxd7
{[%clk 0:11:07]} Qxd7 {[%clk 0:12:24]} 16. dxc5 {[%clk 0:11:14]} Bxc5
{[%clk 0:12:27]} 17. Ne2 {[%clk 0:10:47]} Be7 {[%clk 0:11:10]} 18. Nd4
{[%clk 0:10:43]} Ba6 19. Re1 {[%clk 0:10:40]} Bb4 {[%clk 0:10:35]} 20. Re2
{[%clk 0:08:32]} Bxe2 {[%clk 0:10:37]} 21. Nxe2 {[%clk 0:08:35]} Be7
{[%clk 0:10:35]} 22. Nf4 {[%clk 0:08:30]} Red8 {[%clk 0:10:13]} 23. Rc1
{[%clk 0:08:28]} Rac8 {[%clk 0:06:49]} 24. Rxc8 {[%clk 0:07:42]} Qxc8
{[%clk 0:06:47]} 25. Nxd5 {[%clk 0:05:39]} Nxd5 {[%clk 0:06:29]} 26. Bxd5
{[%clk 0:05:47]} Qe6 {[%clk 0:06:06]} 27. Qd4 {[%clk 0:04:19]} Qf6
{[%clk 0:02:52]} 28. Qxf6 {[%clk 0:04:09]} Bxf6 {[%clk 0:03:00]} 29. Bxf6
{[%clk 0:04:17]} Rxd5 {[%clk 0:03:08]} 30. Bd4 {[%clk 0:04:25]} f6
{[%clk 0:03:14]} 31. Kf1 {[%clk 0:04:30]} Kf7 {[%clk 0:03:10]} 32. Ke2
{[%clk 0:04:38]} Ra5 {[%clk 0:02:35]} 33. a4 {[%clk 0:04:39]} b5 {[%clk 0:02:28]}
34. axb5 {[%clk 0:04:43]} Rxb5 {[%clk 0:02:36]} 35. Bxa7 {[%clk 0:04:51]} Rxb3
{[%clk 0:02:44]} 36. Bd4 {[%clk 0:04:59]} Ra3 {[%clk 0:02:48]} 37. Kf3
{[%clk 0:05:02]} Ke6 {[%clk 0:02:55]} 38. h4 {[%clk 0:04:37]} g6 {[%clk 0:02:50]}
39. Kf4 {[%clk 0:03:26]} Ra2 {[%clk 0:02:41]} 40. Kf3 {[%clk 0:02:32]} Ra4
{[%clk 0:02:37]} 41. Ke4 {[%clk 0:02:02]} Ra2 {[%clk 0:02:41]} 42. Kf3
{[%clk 0:02:10]} Kf5 {[%clk 0:02:20]} 43. Bc5 {[%clk 0:01:46]} Rc2
{[%clk 0:02:23]} 44. Bd4 {[%clk 0:01:55]} h5 {[%clk 0:02:15]} 45. Bb6
{[%clk 0:01:25]} Rb2 {[%clk 0:02:09]} 46. Bd4 {[%clk 0:01:34]} Rb3
{[%clk 0:02:17]} 47. Ke2 {[%clk 0:01:22]} Ra3 {[%clk 0:02:14]} 48. Kf3
{[%clk 0:01:15]} Ra6 {[%clk 0:02:11]} 49. Bc5 {[%clk 0:01:15]} Rc6
{[%clk 0:02:17]} 50. Bd4 {[%clk 0:01:24]} Ra6 {[%clk 0:01:45]} 51. Bc5
{[%clk 0:01:30]} Ke5 {[%clk 0:01:49]} 52. Bd4+ {[%clk 0:01:37]} Kd5
{[%clk 0:01:56]} 53. Ke2 {[%clk 0:01:20]} Ke4 {[%clk 0:01:57]} 54. f3+
{[%clk 0:01:28]} Kd5 {[%clk 0:02:06]} 55. f4 {[%clk 0:01:27]} Ke4
{[%clk 0:02:14]} 56. Bc3 {[%clk 0:01:22]} Ra3 {[%clk 0:02:08]} 57. Bd2
{[%clk 0:01:26]} Ra2 {[%clk 0:02:15]} 0-1

[Event "MPJBiS 2020"]
[Site "?"]
[Date "2020.08.28"]
[Round "10.11"]
[White "Bartoszczuk, Adam"]
[Black "Jaworski, Tymon"]
[Result "1-0"]
[BlackElo "1553"]
[WhiteElo "1358"]
[LiveChessVersion "1.4.8"]

1. e4 {[%clk 0:15:19]} c5 {[%clk 0:15:19]} 2. Nf3 {[%clk 0:15:26]} d6
{[%clk 0:15:27]} 3. d4 {[%clk 0:15:34]} cxd4 {[%clk 0:15:35]} 4. Nxd4
{[%clk 0:15:42]} Nf6 {[%clk 0:15:42]} 5. Nc3 {[%clk 0:15:50]} a6 {[%clk 0:15:51]}
6. Be2 {[%clk 0:15:50]} g6 {[%clk 0:15:51]} 7. O-O {[%clk 0:15:34]} Bg7
{[%clk 0:16:00]} 8. Be3 {[%clk 0:15:19]} Nbd7 {[%clk 0:15:50]} 9. f4
{[%clk 0:14:59]} O-O {[%clk 0:15:33]} 10. Kh1 {[%clk 0:14:57]} Nc5
{[%clk 0:15:29]} 11. Bf3 {[%clk 0:14:26]} Qc7 {[%clk 0:14:58]} 12. g4
{[%clk 0:13:08]} e5 {[%clk 0:14:38]} 13. Nb3 {[%clk 0:12:14]} Nxb3
{[%clk 0:10:13]} 14. axb3 {[%clk 0:12:22]} b5 {[%clk 0:09:21]} 15. g5
{[%clk 0:12:03]} Nd7 {[%clk 0:09:04]} 16. Nd5 {[%clk 0:11:00]} Qd8
{[%clk 0:08:48]} 17. f5 {[%clk 0:11:02]} f6 {[%clk 0:06:56]} 18. gxf6
{[%clk 0:10:11]} Nxf6 {[%clk 0:06:32]} 19. Nxf6+ {[%clk 0:10:11]} Qxf6
{[%clk 0:02:00]} 20. Qd5+ {[%clk 0:10:12]} Kh8 {[%clk 0:01:13]} 21. Qxa8
{[%clk 0:10:08]} gxf5 {[%clk 0:01:18]} 22. Qd5 {[%clk 0:09:23]} f4
{[%clk 0:01:08]} 23. Bf2 {[%clk 0:09:13]} Qe7 {[%clk 0:00:50]} 24. Rad1
{[%clk 0:08:59]} Rd8 {[%clk 0:00:55]} 25. Bb6 {[%clk 0:07:39]} Rd7
{[%clk 0:00:27]} 26. Bg4 {[%clk 0:07:39]} Bb7 {[%clk 0:00:30]} 27. Qd3
{[%clk 0:07:28]} d5 {[%clk 0:00:36]} 28. Bxd7 {[%clk 0:06:52]} dxe4
{[%clk 0:00:38]} 29. Qd6 {[%clk 0:06:23]} e3+ {[%clk 0:00:27]} 30. Bc6
{[%clk 0:06:31]} Bxc6+ {[%clk 0:00:30]} 31. Qxc6 {[%clk 0:06:37]} e2
{[%clk 0:00:38]} 32. Qa8+ {[%clk 0:05:52]} Bf8 {[%clk 0:00:43]} 33. Qe4
{[%clk 0:05:59]} exf1=Q+ {[%clk 0:00:34]} 34. Rxf1 {[%clk 0:06:03]} Qd6
{[%clk 0:00:31]} 35. Ba5 {[%clk 0:05:41]} Qf6 {[%clk 0:00:16]} 36. Bc3
{[%clk 0:05:36]} Bg7 {[%clk 0:00:24]} 37. Qa8+ {[%clk 0:05:21]} Bf8
{[%clk 0:00:31]} 38. Bxe5 {[%clk 0:05:22]} f3 {[%clk 0:00:21]} 39. Qxf8#
{[%clk 0:05:27]} 1-0

[Event "MPJBiS 2020"]
[Site "?"]
[Date "2020.08.28"]
[Round "11.1"]
[White "Seemann, Jakub"]
[Black "Bochniak, Franciszek"]
[Result "1-0"]
[BlackElo "1719"]
[WhiteElo "1687"]
[LiveChessVersion "1.4.8"]

1. d4 Nf6 2. c4 e6 3. Nf3 Bb4+ 4. Nbd2 b6 5. a3 Bxd2+ 6. Qxd2 Bb7 7. b4 c5 8. Bb2
d5 9. dxc5 bxc5 10. cxd5 Bxd5 11. e3 Ne4 12. Qc2 O-O 13. Bd3 f5 14. O-O cxb4 15.
axb4 Nd7 16. Rfd1 Ng5 17. Nxg5 Qxg5 18. e4 fxe4 19. Bxe4 Nb6 20. Bxd5 Nxd5 21.
Qe4 Qf5 22. Qd4 Qg6 23. g3 Qf6 24. Ra6 Qxd4 25. Rxd4 Nb6 26. Rg4 Rf7 27. Bd4 Rb8
28. h4 Nd5 29. Rxe6 Nxb4 30. Be5 Rbb7 31. Re8+ Rf8 32. Rxf8+ Kxf8 33. Rxb4 1-0

[Event "MPJBiS 2020"]
[Site "?"]
[Date "2020.08.28"]
[Round "11.2"]
[White "Warchol, Kamil"]
[Black "Wierzbicki, Dawid"]
[Result "1/2-1/2"]
[BlackElo "1507"]
[WhiteElo "1751"]
[LiveChessVersion "1.4.8"]

1. e4 {[%clk 0:15:19]} c5 {[%clk 0:15:19]} 2. Nf3 {[%clk 0:15:28]} g6
{[%clk 0:15:28]} 3. d4 {[%clk 0:15:26]} cxd4 {[%clk 0:15:36]} 4. Qxd4
{[%clk 0:15:35]} Nf6 {[%clk 0:15:45]} 5. Nc3 {[%clk 0:15:43]} Nc6
{[%clk 0:15:54]} 6. Qa4 {[%clk 0:15:52]} d6 {[%clk 0:16:03]} 7. e5
{[%clk 0:16:01]} dxe5 {[%clk 0:16:11]} 8. Nxe5 {[%clk 0:16:09]} Bd7
{[%clk 0:16:20]} 9. Nxd7 {[%clk 0:16:16]} Qxd7 {[%clk 0:16:27]} 10. Be3
{[%clk 0:15:44]} Bg7 {[%clk 0:16:31]} 11. g3 {[%clk 0:15:33]} O-O
{[%clk 0:16:30]} 12. Bg2 {[%clk 0:15:09]} Rad8 {[%clk 0:15:59]} 13. O-O
{[%clk 0:14:49]} a6 {[%clk 0:15:30]} 14. Rad1 {[%clk 0:14:45]} Qc7
{[%clk 0:15:35]} 15. Qb3 {[%clk 0:13:05]} b5 {[%clk 0:15:25]} 16. a4
{[%clk 0:12:45]} b4 {[%clk 0:14:39]} 17. Nd5 {[%clk 0:12:07]} Nxd5
{[%clk 0:14:36]} 18. Bxd5 {[%clk 0:12:15]} a5 {[%clk 0:14:07]} 19. c4
{[%clk 0:09:03]} Ne5 {[%clk 0:13:21]} 20. c5 {[%clk 0:07:39]} Nc6
{[%clk 0:11:05]} 21. Bf4 {[%clk 0:07:23]} Be5 {[%clk 0:09:33]} 22. Bh6
{[%clk 0:07:02]} Bg7 {[%clk 0:09:25]} 23. Bxg7 {[%clk 0:06:23]} Kxg7
{[%clk 0:09:31]} 24. Bxc6 {[%clk 0:05:39]} Qxc6 {[%clk 0:09:34]} 25. Qc4
{[%clk 0:05:49]} Rxd1 {[%clk 0:07:44]} 26. Rxd1 {[%clk 0:05:58]} Qxa4
{[%clk 0:07:45]} 27. Qd4+ {[%clk 0:04:27]} Kg8 {[%clk 0:07:53]} 28. Re1
{[%clk 0:04:36]} e6 {[%clk 0:07:05]} 29. Qd6 {[%clk 0:03:51]} Qe8
{[%clk 0:06:37]} 30. Ra1 Qa8 {[%clk 0:06:17]} 31. Qb6 {[%clk 0:02:38]} Rd8
{[%clk 0:06:26]} 32. c6 {[%clk 0:02:36]} Rd6 {[%clk 0:05:44]} 33. Rxa5
{[%clk 0:02:03]} Qxc6 {[%clk 0:05:42]} 34. Qxc6 {[%clk 0:02:12]} Rxc6
{[%clk 0:05:49]} 35. Rb5 {[%clk 0:02:21]} Rc4 {[%clk 0:05:48]} 1/2-1/2

[Event "MPJBiS 2020"]
[Site "?"]
[Date "2020.08.28"]
[Round "11.3"]
[White "Musial, Igor"]
[Black "Raczek, Krzysztof"]
[Result "1/2-1/2"]
[BlackElo "1559"]
[WhiteElo "1613"]
[LiveChessVersion "1.4.8"]

1. e4 {[%clk 0:15:19]} c5 {[%clk 0:15:19]} 2. Nc3 {[%clk 0:15:29]} Nc6
{[%clk 0:15:22]} 3. f4 {[%clk 0:15:35]} e6 {[%clk 0:15:10]} 4. Nf3
{[%clk 0:14:35]} d5 {[%clk 0:15:12]} 5. d3 {[%clk 0:14:11]} Nf6 {[%clk 0:15:13]}
6. e5 {[%clk 0:13:45]} Nd7 {[%clk 0:15:19]} 7. g3 {[%clk 0:13:29]} a6
{[%clk 0:14:36]} 8. a4 {[%clk 0:12:24]} Rb8 {[%clk 0:14:35]} 9. Bg2
{[%clk 0:11:58]} b5 {[%clk 0:14:42]} 10. axb5 {[%clk 0:11:56]} axb5
{[%clk 0:14:51]} 11. O-O {[%clk 0:11:41]} b4 {[%clk 0:14:54]} 12. Ne2
{[%clk 0:11:36]} Be7 {[%clk 0:14:40]} 13. Be3 {[%clk 0:10:44]} Qb6
{[%clk 0:13:58]} 14. c3 {[%clk 0:08:53]} Ba6 {[%clk 0:12:59]} 15. Re1
{[%clk 0:07:04]} O-O {[%clk 0:11:23]} 16. d4 {[%clk 0:05:01]} Bc4
{[%clk 0:11:02]} 17. Qc2 {[%clk 0:04:20]} bxc3 {[%clk 0:10:05]} 18. bxc3
{[%clk 0:04:27]} Qb2 {[%clk 0:10:08]} 19. Qxb2 {[%clk 0:04:09]} Rxb2
{[%clk 0:10:17]} 20. Nd2 {[%clk 0:04:07]} Bxe2 {[%clk 0:10:00]} 21. Rxe2
{[%clk 0:04:15]} cxd4 {[%clk 0:10:04]} 22. cxd4 {[%clk 0:04:15]} Bb4
{[%clk 0:10:06]} 23. Rb1 {[%clk 0:03:26]} Rxb1+ {[%clk 0:06:58]} 24. Nxb1
{[%clk 0:03:33]} Nb6 {[%clk 0:06:54]} 25. Rc2 {[%clk 0:02:09]} Nc4
{[%clk 0:06:51]} 26. Rxc4 {[%clk 0:02:06]} dxc4 {[%clk 0:06:54]} 27. Bxc6
{[%clk 0:02:14]} c3 {[%clk 0:06:38]} 28. Be4 {[%clk 0:01:57]} Rc8
{[%clk 0:06:27]} 29. Bc2 {[%clk 0:02:04]} Ra8 {[%clk 0:06:27]} 30. Bc1
{[%clk 0:00:24]} Ra2 {[%clk 0:05:29]} 31. Bb3 {[%clk 0:00:28]} Re2
{[%clk 0:03:50]} 32. Kf1 {[%clk 0:00:17]} Rxh2 {[%clk 0:03:54]} 33. Kg1
{[%clk 0:00:24]} Re2 {[%clk 0:03:58]} 34. Kf1 {[%clk 0:00:31]} 1/2-1/2

[Event "MPJBiS 2020"]
[Site "?"]
[Date "2020.08.28"]
[Round "11.4"]
[White "Krawczyk, Flawian"]
[Black "Ptaszynski, Szymon"]
[Result "1-0"]
[BlackElo "1468"]
[WhiteElo "1728"]
[LiveChessVersion "1.4.8"]

1. e4 {[%clk 0:15:18]} c5 {[%clk 0:15:12]} 2. Nf3 {[%clk 0:15:27]} e6
{[%clk 0:15:21]} 3. d4 {[%clk 0:15:35]} cxd4 {[%clk 0:15:29]} 4. Nxd4
{[%clk 0:15:44]} a6 {[%clk 0:15:37]} 5. c4 {[%clk 0:15:53]} Nf6 {[%clk 0:15:44]}
6. Nc3 {[%clk 0:16:02]} Bb4 {[%clk 0:15:53]} 7. Qd3 {[%clk 0:15:54]} O-O
{[%clk 0:15:29]} 8. e5 {[%clk 0:15:14]} Bxc3+ {[%clk 0:15:16]} 9. bxc3
{[%clk 0:15:15]} Ne8 {[%clk 0:15:20]} 10. Ba3 {[%clk 0:14:51]} d6
{[%clk 0:15:05]} 11. Nb3 {[%clk 0:14:15]} Nc6 {[%clk 0:14:57]} 12. exd6
{[%clk 0:14:07]} Ne5 {[%clk 0:13:20]} 13. Qg3 {[%clk 0:13:32]} Nd7
{[%clk 0:12:18]} 14. Bd3 {[%clk 0:12:20]} Qf6 {[%clk 0:11:57]} 15. O-O
{[%clk 0:12:20]} e5 {[%clk 0:11:51]} 16. c5 {[%clk 0:11:43]} Qe6 {[%clk 0:07:56]}
17. Rfe1 {[%clk 0:11:08]} Nef6 {[%clk 0:07:26]} 18. Nd4 {[%clk 0:10:06]} Qe8
{[%clk 0:06:49]} 19. Nf5 {[%clk 0:07:44]} g6 {[%clk 0:05:14]} 20. Ne7+
{[%clk 0:04:10]} Kg7 {[%clk 0:03:39]} 21. Rxe5 {[%clk 0:01:32]} Nxe5
{[%clk 0:03:09]} 22. Qxe5 {[%clk 0:01:39]} Qa4 {[%clk 0:03:07]} 23. Nd5
{[%clk 0:01:21]} Qh4 {[%clk 0:02:00]} 24. g3 {[%clk 0:01:14]} Qh5
{[%clk 0:01:43]} 25. Qxf6+ {[%clk 0:01:21]} Kh6 {[%clk 0:01:51]} 26. Bc1+
{[%clk 0:01:22]} Qg5 {[%clk 0:01:01]} 27. Qxg5+ {[%clk 0:01:26]} Kg7
{[%clk 0:00:55]} 28. Qf6+ {[%clk 0:01:35]} Kg8 {[%clk 0:01:00]} 29. Ne7#
{[%clk 0:01:43]} 1-0

[Event "MPJBiS 2020"]
[Site "?"]
[Date "2020.08.28"]
[Round "11.5"]
[White "Grot, Blazej"]
[Black "Bartodziej, Bartosz"]
[Result "0-1"]
[BlackElo "1563"]
[WhiteElo "1601"]
[LiveChessVersion "1.4.8"]

1. e4 c5 2. Nf3 e6 3. d4 cxd4 4. Nxd4 Nf6 5. Nc3 Nc6 6. Ndb5 Bb4 7. a3 Bxc3+ 8.
Nxc3 d5 9. exd5 exd5 10. Bd3 O-O 11. O-O d4 12. Ne2 Bg4 13. f3 Bh5 14. Nf4 Bg6
15. Nxg6 hxg6 16. Bg5 Qd6 17. Qd2 Rfe8 18. Rae1 Nd5 19. Rxe8+ Rxe8 20. Re1 Re5
21. Bh4 Qe6 22. Be4 Nf6 23. Bxc6 Rxe1+ 24. Bxe1 bxc6 25. Bf2 c5 26. c3 dxc3 27.
Qxc3 Nd7 28. h3 Qd6 29. b4 cxb4 30. axb4 a6 31. Bd4 Nf6 32. Be5 Qb6+ 33. Bd4 Qd6
34. Be5 Qe6 35. Bxf6 gxf6 36. Qc8+ Qxc8 0-1

[Event "MPJBiS 2020"]
[Site "?"]
[Date "2020.08.28"]
[Round "11.6"]
[White "Maj, Samuel"]
[Black "Sniadecki, Oskar"]
[Result "1/2-1/2"]
[BlackElo "1569"]
[WhiteElo "1347"]
[LiveChessVersion "1.4.8"]

1. c4 {[%clk 0:15:36]} c5 {[%clk 0:15:35]} 2. d4 {[%clk 0:15:36]} d6
{[%clk 0:15:35]} 3. d5 {[%clk 0:15:43]} g6 {[%clk 0:15:41]} 4. Nc3
{[%clk 0:15:46]} Bg7 {[%clk 0:15:50]} 5. e4 {[%clk 0:15:42]} Bg4 {[%clk 0:15:57]}
6. Nf3 {[%clk 0:15:20]} Nd7 {[%clk 0:15:59]} 7. Be2 {[%clk 0:15:13]} Ngf6
{[%clk 0:15:59]} 8. O-O {[%clk 0:15:13]} O-O {[%clk 0:16:00]} 9. Bf4
{[%clk 0:15:01]} Nh5 {[%clk 0:15:57]} 10. Be3 {[%clk 0:14:39]} Bxf3
{[%clk 0:15:51]} 11. Bxf3 {[%clk 0:14:35]} Nhf6 {[%clk 0:15:59]} 12. Be2
{[%clk 0:14:03]} a6 {[%clk 0:15:17]} 13. f4 {[%clk 0:13:22]} Rb8 {[%clk 0:14:45]}
14. a4 {[%clk 0:13:20]} Ne8 {[%clk 0:14:24]} 15. Qd2 {[%clk 0:12:45]} Nc7
{[%clk 0:14:16]} 16. Kh1 {[%clk 0:11:53]} h6 {[%clk 0:12:30]} 17. Bg4
{[%clk 0:10:49]} Nf6 {[%clk 0:12:12]} 18. Be2 {[%clk 0:10:28]} Nd7
{[%clk 0:12:08]} 19. Bg4 {[%clk 0:10:10]} b5 {[%clk 0:12:11]} 20. axb5
{[%clk 0:08:55]} axb5 {[%clk 0:12:20]} 21. cxb5 {[%clk 0:08:34]} Nxb5
{[%clk 0:12:23]} 22. Nxb5 {[%clk 0:08:15]} Rxb5 {[%clk 0:12:31]} 23. Ra2
{[%clk 0:08:11]} Nb6 {[%clk 0:12:28]} 24. Be2 {[%clk 0:07:45]} Rb4
{[%clk 0:12:23]} 25. Qc2 {[%clk 0:07:29]} Qd7 {[%clk 0:11:39]} 26. Rfa1
{[%clk 0:06:46]} c4 {[%clk 0:10:23]} 27. Bxb6 {[%clk 0:05:38]} Rxb6
{[%clk 0:10:32]} 28. Bxc4 {[%clk 0:05:43]} Rfb8 {[%clk 0:10:37]} 29. Rb1
{[%clk 0:05:28]} Qg4 {[%clk 0:10:28]} 30. Qd2 {[%clk 0:05:04]} Bxb2
{[%clk 0:10:04]} 31. h3 {[%clk 0:04:43]} Qc8 {[%clk 0:09:21]} 32. Raxb2
{[%clk 0:04:06]} Rxb2 {[%clk 0:09:30]} 33. Rxb2 {[%clk 0:04:15]} Rxb2
{[%clk 0:09:39]} 34. Qxb2 {[%clk 0:04:24]} Qxc4 {[%clk 0:09:48]} 35. Qb1
{[%clk 0:04:04]} Kh7 {[%clk 0:09:42]} 36. Qe1 {[%clk 0:04:03]} Kg7
{[%clk 0:09:29]} 37. Qa1+ {[%clk 0:03:50]} f6 {[%clk 0:09:34]} 38. Qe1
{[%clk 0:03:56]} e6 39. dxe6 {[%clk 0:03:48]} Qxe6 {[%clk 0:09:48]} 40. Qe3
{[%clk 0:03:42]} h5 {[%clk 0:09:47]} 41. f5 {[%clk 0:02:58]} gxf5
{[%clk 0:09:28]} 42. Qg3+ {[%clk 0:03:05]} Kh7 {[%clk 0:09:24]} 43. exf5
{[%clk 0:03:10]} Qe5 {[%clk 0:09:28]} 44. Qg6+ {[%clk 0:03:06]} Kh8
{[%clk 0:09:35]} 45. Qxh5+ {[%clk 0:03:07]} Kg8 {[%clk 0:09:44]} 46. Qg4+
{[%clk 0:01:59]} Kh8 {[%clk 0:09:50]} 47. h4 {[%clk 0:01:01]} Qe1+
{[%clk 0:09:53]} 48. Kh2 {[%clk 0:01:06]} Qe5+ {[%clk 0:09:58]} 49. Qg3
{[%clk 0:00:58]} Qe4 {[%clk 0:09:24]} 1/2-1/2

[Event "MPJBiS 2020"]
[Site "?"]
[Date "2020.08.28"]
[Round "11.7"]
[White "Dobosiewicz, Dawid"]
[Black "Borowik, Wojciech"]
[Result "1/2-1/2"]
[BlackElo "1528"]
[WhiteElo "1405"]
[LiveChessVersion "1.4.8"]

1. e4 c5 2. Nc3 d6 3. f4 g6 4. Nf3 Bg7 5. Bb5+ Nd7 6. d3 a6 7. Bxd7+ Bxd7 8. O-O
e6 9. Qe1 Ne7 10. Qh4 b5 11. f5 exf5 12. Bg5 h6 13. Bxe7 Qxe7 14. exf5 Bxf5 15.
Nd5 Qxh4 16. Nxh4 Be6 17. Nc7+ Kd7 18. Nxe6 Kxe6 19. Rae1+ Kd5 20. Rxf7 Rhg8 21.
c3 Be5 22. Nf3 Rge8 23. Nxe5 Rxe5 24. Rxe5+ Kxe5 25. Kf2 a5 26. Ke3 b4 27. c4 a4
28. g4 a3 29. b3 Rh8 30. h4 Ke6 31. Rf2 g5 32. h5 Re8 33. d4 Ke7 34. dxc5 dxc5
35. Rg2 Rd8 36. Ke4 Ke6 37. Re2 Kf6 38. Rf2+ Ke6 1/2-1/2

[Event "MPJBiS 2020"]
[Site "?"]
[Date "2020.08.28"]
[Round "11.8"]
[White "Komendecki, Antoni"]
[Black "Bartoszczuk, Adam"]
[Result "1-0"]
[BlackElo "1358"]
[WhiteElo "1528"]
[LiveChessVersion "1.4.8"]

1. e4 {[%clk 0:15:18]} c5 {[%clk 0:15:13]} 2. Nf3 {[%clk 0:15:27]} e6
{[%clk 0:15:22]} 3. d4 {[%clk 0:15:37]} cxd4 {[%clk 0:15:31]} 4. Nxd4
{[%clk 0:15:45]} a6 {[%clk 0:15:40]} 5. c4 {[%clk 0:15:13]} Nf6 {[%clk 0:15:42]}
6. Nc3 {[%clk 0:15:22]} Qc7 {[%clk 0:15:47]} 7. Bd3 {[%clk 0:14:53]} Be7
{[%clk 0:15:49]} 8. Be3 {[%clk 0:14:39]} d6 {[%clk 0:15:51]} 9. O-O
{[%clk 0:14:40]} Nbd7 {[%clk 0:15:24]} 10. f4 {[%clk 0:13:31]} O-O
{[%clk 0:15:19]} 11. Rc1 {[%clk 0:13:26]} b6 {[%clk 0:14:55]} 12. h3
{[%clk 0:08:26]} Bb7 {[%clk 0:14:43]} 13. b4 {[%clk 0:08:31]} Rac8
{[%clk 0:13:09]} 14. Qe2 {[%clk 0:08:33]} Qb8 {[%clk 0:12:47]} 15. Rf2
{[%clk 0:06:19]} Qa8 {[%clk 0:12:33]} 16. Bd2 {[%clk 0:06:15]} Rfe8
{[%clk 0:08:11]} 17. a3 {[%clk 0:06:12]} Bf8 {[%clk 0:05:29]} 18. e5
{[%clk 0:05:45]} dxe5 {[%clk 0:04:41]} 19. fxe5 {[%clk 0:05:54]} Nxe5
{[%clk 0:04:45]} 20. Qxe5 {[%clk 0:06:02]} Red8 {[%clk 0:04:10]} 21. Bf1
{[%clk 0:01:43]} Bd6 {[%clk 0:04:01]} 22. Qe3 {[%clk 0:01:29]} Qb8
{[%clk 0:03:22]} 23. Nf3 {[%clk 0:01:27]} Bg3 {[%clk 0:01:47]} 24. Re2
{[%clk 0:01:17]} Nh5 {[%clk 0:01:41]} 25. Qg5 {[%clk 0:00:24]} Nf4
{[%clk 0:01:40]} 26. Qxg3 Nxe2+ {[%clk 0:01:49]} 27. Nxe2 {[%clk 0:00:19]} Qxg3
{[%clk 0:01:51]} 28. Nxg3 {[%clk 0:00:29]} Bxf3 {[%clk 0:02:00]} 29. gxf3 Rxd2
{[%clk 0:02:08]} 30. Rc3 {[%clk 0:00:36]} Rcd8 {[%clk 0:02:01]} 31. Be2
{[%clk 0:00:32]} f5 {[%clk 0:01:50]} 32. Kf2 {[%clk 0:00:16]} Ra2
{[%clk 0:01:19]} 33. c5 {[%clk 0:00:13]} bxc5 {[%clk 0:01:14]} 34. bxc5
{[%clk 0:00:23]} Rdd2 {[%clk 0:01:23]} 35. c6 {[%clk 0:00:17]} Rac2
{[%clk 0:01:12]} 36. Rxc2 Rxc2 {[%clk 0:01:06]} 37. Ke3 {[%clk 0:00:23]} Rxc6
{[%clk 0:01:08]} 38. Kd4 {[%clk 0:00:32]} Kf7 {[%clk 0:01:05]} 39. Bc4
{[%clk 0:00:25]} Ke7 {[%clk 0:00:53]} 40. f4 {[%clk 0:00:23]} g6 {[%clk 0:00:33]}
41. Ne2 {[%clk 0:00:27]} Rd6+ {[%clk 0:00:36]} 42. Kc5 {[%clk 0:00:15]} h5
{[%clk 0:00:16]} 43. Nd4 {[%clk 0:00:19]} Kd7 {[%clk 0:00:12]} 44. a4
{[%clk 0:00:22]} Ke7 {[%clk 0:00:15]} 45. a5 {[%clk 0:00:32]} h4 {[%clk 0:00:12]}
46. Nc6+ {[%clk 0:00:24]} Ke8 {[%clk 0:00:11]} 47. Bxa6 {[%clk 0:00:26]} Rd2
{[%clk 0:00:11]} 48. Bb5 {[%clk 0:00:18]} Rh2 {[%clk 0:00:15]} 49. Ne5+
{[%clk 0:00:21]} Kd8 {[%clk 0:00:17]} 50. Nf7+ {[%clk 0:01:46]} Ke7
{[%clk 0:00:18]} 51. Ng5 {[%clk 0:01:55]} e5 {[%clk 0:00:16]} 52. fxe5
{[%clk 0:01:45]} f4 {[%clk 0:00:20]} 53. a6 {[%clk 0:01:42]} Kd8 {[%clk 0:00:12]}
54. a7 {[%clk 0:01:12]} Ra2 {[%clk 0:00:17]} 55. Kb6 {[%clk 0:01:14]} 1-0